000 00649nam a22002177a 4500
999 _c5282
_d5282
003 OSt
005 20250902103024.0
008 250902b ||||| |||| 00| 0 eng d
020 _a9780241647400
040 _cKH8
082 _aFIC KIR
100 _aKirby, Katie,
_eauthor,
_eillustrator.
245 _aThe Majorly Awkward BFF Dramas of Lottie Brooks /
_cKatie Kirby.
260 _aUK ;
_bPenguin Random House ,
_c2024.
300 _a427 pages :
_billustrations ;
_c20 cm.
490 _aLottie Brooks
_vbook 6
650 _aFriendship
_vfiction
650 _aSchool stories
_vfiction
650 _aSchool and education
_vfiction
942 _2ddc
_cFIC